[Event "AUT-ch U12"]
[Site "Feldkirchen"]
[Date "1998.??.??"]
[Round "6"]
[White "Krenek, Markus"]
[Black "Petrasch, Manfred"]
[Result "1-0"]
[WhiteElo "1562"]
[BlackElo "1398"]
[PlyCount "83"]
[EventDate "1998.05.30"]
[EventType "swiss"]
[EventRounds "7"]
[EventCountry "AUT"]
[SourceTitle "EXT 2000"]
[Source "ChessBase"]
[SourceDate "1999.11.16"]
[SourceVersion "1"]
[SourceVersionDate "1999.11.16"]
[SourceQuality "1"]

1. e4 b6 2. d4 Bb7 3. Bd3 e6 4. Nf3 Nf6 5. e5 Nd5 6. 0-0 Be7 7. Be4 c6 8. Re1 0-0 9. c3 d6 10. Qd3 g6 11. Qd2 dxe5 12. Nxe5 f5 13. Bxd5 cxd5 14. Nf3 Qd7 15. Qh6 Nc6 16. Bg5 Rae8 17. Nbd2 Nd8 18. Ne5 Bxg5 19. Qxf8+ Rxf8 20. Nxd7 Bxd2 21. Re2 Re8 22. Rxd2 Kg7 23. Re2 Ba6 24. Re3 Bb5 25. Ne5 Kf6 26. f4 Nf7 27. Nxf7 Kxf7 28. Kf2 Kf6 29. Rg1 h5 30. h3 a6 31. g4 hxg4 32. hxg4 a5 33. gxf5 exf5 34. Rxe8 Bxe8 35. Re1 Bc6 36. Ke3 g5 37. fxg5+ Kxg5 38. Rg1+ Kf6 39. Kf4 b5 40. Re1 a4 41. Re5 Bb7 42. Rxf5+ 1-0

[Event "AUT-ch U12"]
[Site "Feldkirchen"]
[Date "1998.??.??"]
[Round "3"]
[White "Petrasch, Manfred"]
[Black "Steiner, Thomas"]
[Result "0-1"]
[WhiteElo "1398"]
[BlackElo "1603"]
[PlyCount "78"]
[EventDate "1998.05.30"]
[EventType "swiss"]
[EventRounds "7"]
[EventCountry "AUT"]
[SourceTitle "EXT 2000"]
[Source "ChessBase"]
[SourceDate "1999.11.16"]
[SourceVersion "1"]
[SourceVersionDate "1999.11.16"]
[SourceQuality "1"]

1. e4 c6 2. d4 d5 3. e5 Bf5 4. Nf3 e6 5. Bd3 Bxd3 6. Qxd3 Qb6 7. 0-0 c5 8. c3 Nc6 9. b3 Nge7 10. Na3 Nf5 11. Rd1 h6 12. Nc2 cxd4 13. cxd4 Be7 14. Ba3 Bxa3 15. Nxa3 0-0 16. Qb5 Qxb5 17. Nxb5 a6 18. Nc3 Rac8 19. Rac1 b5 20. a3 Rc7 21. Rc2 Rfc8 22. g4 Nfxd4 23. Nxd4 Nxd4 24. Rxd4 Rxc3 25. Rxc3 Rxc3 26. Rb4 f6 27. exf6 gxf6 28. a4 bxa4 29. bxa4 Rc4 30. Rxc4 dxc4 31. Kf1 Kf7 32. Ke2 Ke7 33. Ke3 e5 34. Kd2 Kd6 35. Kc3 Kc5 36. f3 a5 37. h4 Kd5 38. h5 Kc5 39. Kc2 Kb4 0-1